Biometánový sektor na Slovensku postupne napreduje a panuje v ňom mierny optimizmus, naďalej však čelí viacerým výzvam
Biometánový sektor na Slovensku krok po kroku napreduje a panuje v ňom mierny optimizmus. Naďalej však čelí viacerým výzvam, medzi ktoré patrí neistota investorov z dôvodu chýbajúcej prevádzkovej podpory, budovanie prípojok, prieťahy v konaniach, administratívna náročnosť schvaľovacích procesov či o...
Saved in:
| Main Author: | |
|---|---|
| Format: | Book Chapter |
| Language: | Slovak |
| Subjects: | |
| Tags: |
No Tags, Be the first to tag this record!
|
MARC
| LEADER | 00000naa a2200000 4500 | ||
|---|---|---|---|
| 001 | 0314915 | ||
| 005 | 20260212074738.7 | ||
| 041 | 0 | |a slo | |
| 044 | |a SK | ||
| 245 | 1 | 0 | |a Biometánový sektor na Slovensku postupne napreduje a panuje v ňom mierny optimizmus, naďalej však čelí viacerým výzvam |c Peter Jurkovič |
| 520 | |a Biometánový sektor na Slovensku krok po kroku napreduje a panuje v ňom mierny optimizmus. Naďalej však čelí viacerým výzvam, medzi ktoré patrí neistota investorov z dôvodu chýbajúcej prevádzkovej podpory, budovanie prípojok, prieťahy v konaniach, administratívna náročnosť schvaľovacích procesov či odpor časti verejnosti voči budovaniu nových biometánových staníc. | ||
| 610 | 2 | 0 | |a bioplyn |
| 610 | 2 | 0 | |a energetika |
| 610 | 2 | 0 | |a energia |
| 610 | 2 | 0 | |a plyn |
| 610 | 2 | 0 | |a ekológia |
| 100 | 1 | |a Jurkovič, Peter | |